000 00791nam a22002177a 4500
003 BUBTL
008 230914b ||||| |||| 00| 0 eng d
041 _aবাংলা
082 _a345.0436/ J569t/ 2013
100 _95467
_aজামিল, সৈয়দ হাসান
245 _aসম্পত্তি হস্তান্তর আইন/
_bসৈয়দ হাসান জামিল
250 _a৬ষ্ঠ সং
260 _aঢাকা
_bন্যাশনাল ল‘ বুক হাউজ
_cc2013
300 _a414p. :
_bill. ; 22 cm.
526 _aLaw
650 0 _926
_aLaw
700 _95467
_aজামিল, সৈয়দ হাসান
856 _k0
_l0
_yDownload
942 _2ddc
_cBK
999 _c7093
_d7093